000 00531nam a2200205Ia 4500
003 GCL
008 140319s9999 xx 000 0 eng d
040 _aGCL /
_cGCL
082 0 4 _a956
_bC P
100 1 _aCOIM, GEORGES
245 1 0 _aLE PROCH - ORIENT ECLATE /
_cCOIM, GEORGES
260 _a[S.N] :
_bEDITIONS LA DECOUVERTE ،
_c1988
300 _a401 P
650 0 4 _aCIVILIZATION
650 0 4 _aHISTORY
650 0 4 _aMIDDLE EAST
650 0 4 _aARAB COUNTRIES - HISTORY
650 0 4 _aMIDDLE EAST - HISTORY
942 _2ddc
_cBK
999 _c18838
_d18838